[Event "Open Marianske Lazne 2015 - C - open"]
[Site "Marianske Lazne CZE"]
[Date "2015.01.22"]
[Round "7.3"]
[White "Bartos, Jan"]
[Black "Kolbus, Dietmar"]
[Result "1/2-1/2"]
[WhiteElo "2159"]
[BlackElo "2319"]
[PlyCount "120"]
[EventDate "2015.01.17"]
[EventType "swiss"]
[EventRounds "9"]
[EventCountry "CZE"]
[Source "lmi"]
[SourceDate "2015.01.17"]

1. d4 Nf6 2. c4 g6 3. Nc3 d5 4. cxd5 Nxd5 5. e4 Nxc3 6. bxc3 Bg7 7. Qa4+ Nd7 8.
Nf3 O-O 9. Be2 c5 10. O-O Qc7 11. Be3 b6 12. Rac1 e6 13. e5 a6 14. Ng5 b5 15.
Qb3 Bb7 16. Qb1 Nb6 17. Ne4 Bxe4 18. Qxe4 Nd5 19. c4 Nxe3 20. fxe3 b4 21. h4
Qe7 22. h5 Rad8 23. hxg6 hxg6 24. Rf3 Rd7 25. Bd1 Qg5 26. Rb1 cxd4 27. Ba4 Rc7
28. exd4 Rxc4 29. Bb3 Rc3 30. Re1 Rxf3 31. Qxf3 a5 32. Qe4 Rd8 33. d5 exd5 34.
Bxd5 Qd2 35. Bb3 Rd4 36. Qe2 Qxe2 37. Rxe2 Rf4 38. e6 fxe6 39. Rxe6 Bd4+ 40.
Kh2 Kg7 41. Kg3 g5 42. Kh3 Rh4+ 43. Kg3 Bg1 44. Ra6 Bh2+ 45. Kf3 Rf4+ 46. Ke2
Rf5 47. Bc2 Rc5 48. Bb3 g4 49. Ra7+ Kg6 50. Rd7 Bc7 51. Ke3 Kf6 52. Ke4 Rc1 53.
Rd1 Rc6 54. Rd5 Re6+ 55. Kd3 Re1 56. Rc5 Re7 57. Rd5 Kg6 58. Rc5 g3 59. Rd5 Kf6
60. Rc5 Kg6 1/2-1/2

[Event "Open Marianske Lazne 2015 - C - open"]
[Site "Marianske Lazne CZE"]
[Date "2015.01.22"]
[Round "7.4"]
[White "Bretsnajdr, Vladimir"]
[Black "Monin, Nikolay"]
[Result "1-0"]
[WhiteElo "2288"]
[BlackElo "2200"]
[PlyCount "57"]
[EventDate "2015.01.17"]
[EventType "swiss"]
[EventRounds "9"]
[EventCountry "CZE"]
[Source "lmi"]
[SourceDate "2015.01.17"]

1. d4 Nf6 2. c4 e6 3. g3 d5 4. Nf3 dxc4 5. Bg2 Nc6 6. O-O Rb8 7. a4 Na5 8. Nbd2
Bb4 9. Qc2 O-O 10. Nxc4 Nxc4 11. Qxc4 a5 12. Bg5 c6 13. e4 h6 14. Bf4 Ra8 15.
Ne5 Re8 16. Rfd1 Bf8 17. Qb3 Qe7 18. Nc4 Qb4 19. Qc2 Qe7 20. Bd2 Qd8 21. Bc3 b6
22. Qb3 Ra6 23. Rac1 Bb7 24. Bxa5 bxa5 25. Qxb7 Qc8 26. Qb3 Rd8 27. Ne5 Qc7 28.
Qc4 Rb6 29. Nxc6 1-0

[Event "Open Marianske Lazne 2015 - C - open"]
[Site "Marianske Lazne CZE"]
[Date "2015.01.22"]
[Round "7.5"]
[White "Belurkar, Nitish"]
[Black "Shevchenko, Kirill"]
[Result "0-1"]
[WhiteElo "1967"]
[BlackElo "2247"]
[PlyCount "104"]
[EventDate "2015.01.17"]
[EventType "swiss"]
[EventRounds "9"]
[EventCountry "CZE"]
[Source "lmi"]
[SourceDate "2015.01.17"]

1. e4 c5 2. c3 Nf6 3. e5 Nd5 4. d4 d6 5. Nf3 cxd4 6. cxd4 Nc6 7. Bc4 dxe5 8.
dxe5 Ndb4 9. Qb3 e6 10. O-O Na5 11. Bb5+ Bd7 12. Qa4 Bxb5 13. Qxb5+ Nac6 14.
Nc3 a6 15. Qe2 Qd3 16. Rd1 Qxe2 17. Nxe2 Rd8 18. Rxd8+ Kxd8 19. Be3 Kc7 20.
Ned4 Nxd4 21. Bxd4 Be7 22. Rc1+ Kb8 23. a3 Nc6 24. Bc3 Rd8 25. Kf1 b5 26. Ke2
a5 27. Rd1 Rxd1 28. Kxd1 Kb7 29. Ke2 Kb6 30. Kd3 Kc5 31. Ke4 b4 32. axb4+ axb4
33. Bd4+ Kb5 34. b3 h6 35. Be3 Bc5 36. Bd4 Kb6 37. Be3 Bxe3 38. Kxe3 Kc5 39.
Ke4 Ne7 40. Nd4 Nd5 41. f4 Nxf4 42. g3 Nd5 43. Nc2 Nc3+ 44. Kd3 Na2 45. Nd4 Kd5
46. Nf3 Nc3 47. g4 Ne4 48. Kc2 Nc5 49. g5 Ke4 50. gxh6 gxh6 51. Nd2+ Kxe5 52.
Nc4+ Kd4 0-1

[Event "Open Marianske Lazne 2015 - C - open"]
[Site "Marianske Lazne CZE"]
[Date "2015.01.22"]
[Round "7.6"]
[White "Gergel, Vladimir"]
[Black "Jiruse, Josef"]
[Result "1-0"]
[WhiteElo "2232"]
[BlackElo "2045"]
[PlyCount "41"]
[EventDate "2015.01.17"]
[EventType "swiss"]
[EventRounds "9"]
[EventCountry "CZE"]
[Source "lmi"]
[SourceDate "2015.01.17"]

1. e4 c6 2. d4 g6 3. Be2 d5 4. e5 Bg7 5. c3 Nh6 6. h4 f6 7. h5 fxe5 8. hxg6
hxg6 9. dxe5 Nf7 10. Rxh8+ Bxh8 11. f4 Qb6 12. Nf3 Na6 13. Nd4 Nc5 14. Nd2 Bg7
15. Qc2 Nh8 16. b4 Ne6 17. N2f3 Bd7 18. Be3 Qc7 19. Bd3 O-O-O 20. Bxg6 Nxd4 21.
Bxd4 1-0

[Event "Open Marianske Lazne 2015 - C - open"]
[Site "Marianske Lazne CZE"]
[Date "2015.01.22"]
[Round "7.7"]
[White "Dadello, Aleksandra"]
[Black "Eriksson, Christian Altenburg"]
[Result "0-1"]
[WhiteElo "2032"]
[BlackElo "2164"]
[PlyCount "44"]
[EventDate "2015.01.17"]
[EventType "swiss"]
[EventRounds "9"]
[EventCountry "CZE"]
[Source "lmi"]
[SourceDate "2015.01.17"]

1. e4 c5 2. Nf3 Nc6 3. d4 cxd4 4. Nxd4 e5 5. Nb5 d6 6. c4 Be7 7. N1c3 a6 8. Na3
f5 9. exf5 Bxf5 10. Bd3 Be6 11. O-O Nf6 12. Nc2 O-O 13. b3 Rc8 14. Ba3 Kh8 15.
Rc1 b5 16. cxb5 axb5 17. Nxb5 d5 18. Bxe7 Qxe7 19. Re1 Ng4 20. f3 Nf6 21. Ne3
Nb4 22. a4 Rxc1 0-1

[Event "Open Marianske Lazne 2015 - C - open"]
[Site "Marianske Lazne CZE"]
[Date "2015.01.22"]
[Round "7.8"]
[White "Grela, Kacper"]
[Black "German, Nikita"]
[Result "1-0"]
[WhiteElo "2096"]
[BlackElo "1935"]
[PlyCount "67"]
[EventDate "2015.01.17"]
[EventType "swiss"]
[EventRounds "9"]
[EventCountry "CZE"]
[Source "lmi"]
[SourceDate "2015.01.17"]

1. e4 c5 2. Nf3 e6 3. d4 cxd4 4. Nxd4 a6 5. Bd3 Nf6 6. O-O Qc7 7. c4 b6 8. Qe2
d6 9. f4 Nbd7 10. Nc3 Bb7 11. Kh1 g6 12. f5 gxf5 13. exf5 e5 14. Ne6 fxe6 15.
fxe6 Nc5 16. Rxf6 Nxd3 17. Bg5 O-O-O 18. Qxd3 Rg8 19. Nd5 Bxd5 20. Qxd5 Rxg5
21. Rf7 Kb8 22. Rxc7 Kxc7 23. b4 Rc8 24. a4 Kb8 25. a5 Rg4 26. c5 Rd4 27. Qf3
Rf4 28. Qh5 b5 29. Rb1 Rf6 30. Qxh7 Rxe6 31. Qd7 Rg6 32. Rf1 Rg7 33. Qe6 Rh7
34. Rxf8 1-0

[Event "Open Marianske Lazne 2015 - C - open"]
[Site "Marianske Lazne CZE"]
[Date "2015.01.22"]
[Round "7.9"]
[White "Nowak, Kamil"]
[Black "Grove, Michael"]
[Result "1-0"]
[WhiteElo "1892"]
[BlackElo "2081"]
[PlyCount "69"]
[EventDate "2015.01.17"]
[EventType "swiss"]
[EventRounds "9"]
[EventCountry "CZE"]
[Source "lmi"]
[SourceDate "2015.01.17"]

1. e4 c5 2. Nf3 Nc6 3. d4 cxd4 4. Nxd4 e5 5. Nb5 d6 6. N1c3 a6 7. Na3 Nf6 8.
Bg5 Be7 9. Bxf6 Bxf6 10. Nc4 Be7 11. Nd5 b5 12. Nxe7 Kxe7 13. Ne3 Be6 14. Be2
Re8 15. O-O Kf8 16. c3 Ne7 17. a4 Qb6 18. Qd3 b4 19. Rfd1 Red8 20. Bg4 bxc3 21.
bxc3 Bxg4 22. Nxg4 Qc5 23. Ne3 a5 24. Rab1 Rac8 25. c4 Nc6 26. Rb5 Qa7 27. Nf5
Rc7 28. Nxd6 Rcd7 29. Qa3 Nb4 30. c5 Nc2 31. Qh3 Kg8 32. c6 Rc7 33. Rbd5 Nd4
34. Nb5 Rxd5 35. exd5 1-0

[Event "Open Marianske Lazne 2015 - C - open"]
[Site "Marianske Lazne CZE"]
[Date "2015.01.22"]
[Round "7.10"]
[White "Haugli, Petter"]
[Black "Dadello, Andrzej"]
[Result "1-0"]
[WhiteElo "2278"]
[BlackElo "1816"]
[PlyCount "103"]
[EventDate "2015.01.17"]
[EventType "swiss"]
[EventRounds "9"]
[EventCountry "CZE"]
[Source "lmi"]
[SourceDate "2015.01.17"]

1. e4 c5 2. Nf3 d6 3. Bb5+ Bd7 4. Bxd7+ Qxd7 5. c4 g6 6. d4 cxd4 7. Nxd4 Bg7 8.
Nc3 Nc6 9. Be3 Nf6 10. f3 a6 11. O-O O-O 12. Qd3 Ne5 13. Qe2 Rac8 14. b3 b5 15.
Nd5 Nxd5 16. cxd5 Qb7 17. Rac1 Rxc1 18. Rxc1 Rc8 19. Rc2 Nd7 20. Rxc8+ Qxc8 21.
Nc6 Kf8 22. Bg5 f6 23. Bf4 Nb8 24. Nd4 Qc3 25. Qd2 Qxd2 26. Bxd2 Nd7 27. Ne6+
Kf7 28. Nc7 f5 29. Kf2 Bd4+ 30. Be3 Bxe3+ 31. Kxe3 fxe4 32. fxe4 Nb8 33. Kd4
Kf6 34. b4 h5 35. h4 g5 36. g3 gxh4 37. gxh4 Kg6 38. e5 Kf5 39. e6 Kg4 40. Ne8
Kxh4 41. Nxd6 Kg5 42. Nf7+ Kf6 43. Ne5 Kf5 44. Nd7 h4 45. Ke3 h3 46. Kf3 h2 47.
Kg2 Ke4 48. Nxb8 Kxd5 49. Nxa6 Kxe6 50. Nc7+ Ke5 51. Nxb5 Kd5 52. Nc3+ 1-0

[Event "Open Marianske Lazne 2015 - C - open"]
[Site "Marianske Lazne CZE"]
[Date "2015.01.22"]
[Round "7.11"]
[White "Wozniak, Mariola"]
[Black "Najart, David"]
[Result "1-0"]
[WhiteElo "1983"]
[BlackElo "2154"]
[PlyCount "57"]
[EventDate "2015.01.17"]
[EventType "swiss"]
[EventRounds "9"]
[EventCountry "CZE"]
[Source "lmi"]
[SourceDate "2015.01.17"]

1. e4 e5 2. Nf3 Nc6 3. Nc3 Nf6 4. d4 exd4 5. Nxd4 Bb4 6. Nxc6 bxc6 7. Bd3 O-O
8. O-O d5 9. exd5 cxd5 10. h3 Re8 11. Qf3 h6 12. Nb5 c5 13. a3 Ba5 14. b4 Bb6
15. bxc5 Bxc5 16. Bf4 Re7 17. Bxh6 a6 18. Bg5 axb5 19. Bxf6 gxf6 20. Qxf6 Re8
21. Qh6 f5 22. Qc6 Rxa3 23. Qxc5 Rxa1 24. Rxa1 Be6 25. Bxb5 Rf8 26. Ra6 Bf7 27.
Qe3 d4 28. Qg3+ Kh7 29. Bd3 1-0

[Event "Open Marianske Lazne 2015 - C - open"]
[Site "Marianske Lazne CZE"]
[Date "2015.01.22"]
[Round "7.12"]
[White "Malinovsky, Petr"]
[Black "Antolak, Julia"]
[Result "1/2-1/2"]
[WhiteElo "2033"]
[BlackElo "1964"]
[PlyCount "45"]
[EventDate "2015.01.17"]
[EventType "swiss"]
[EventRounds "9"]
[EventCountry "CZE"]
[Source "lmi"]
[SourceDate "2015.01.17"]

1. d4 Nf6 2. c4 g6 3. Nc3 Bg7 4. e4 d6 5. f3 O-O 6. Be3 a6 7. Qd2 c6 8. c5 b5
9. cxb6 Nbd7 10. Bd3 Nxb6 11. Nge2 a5 12. O-O Ba6 13. b3 Bxd3 14. Qxd3 Nfd7 15.
Rac1 Rc8 16. Rc2 d5 17. Rfc1 dxe4 18. fxe4 Ne5 19. Qd2 Ng4 20. Bf4 e5 21. dxe5
Bxe5 22. h3 Qxd2 23. Rxd2 1/2-1/2

[Event "Open Marianske Lazne 2015 - C - open"]
[Site "Marianske Lazne CZE"]
[Date "2015.01.22"]
[Round "7.13"]
[White "Polak, Jiri"]
[Black "Kulas, Szymon"]
[Result "1/2-1/2"]
[WhiteElo "1893"]
[BlackElo "2015"]
[PlyCount "47"]
[EventDate "2015.01.17"]
[EventType "swiss"]
[EventRounds "9"]
[EventCountry "CZE"]
[Source "lmi"]
[SourceDate "2015.01.17"]

1. e4 c5 2. Nf3 e6 3. d4 cxd4 4. Nxd4 Nc6 5. Nc3 Qc7 6. Be3 a6 7. Qd2 Nf6 8.
O-O-O Bb4 9. f3 Ne5 10. Nb3 d5 11. Bf4 O-O 12. Qd4 Bxc3 13. bxc3 Nd3+ 14. Bxd3
Qxf4+ 15. Nd2 e5 16. Qb4 b5 17. g3 Qe3 18. Rhe1 Qh6 19. exd5 Nxd5 20. Qe4 Be6
21. Qxe5 Rac8 22. Re4 Qf6 23. Rh4 Qxe5 24. Bxh7+ 1/2-1/2

[Event "Open Marianske Lazne 2015 - C - open"]
[Site "Marianske Lazne CZE"]
[Date "2015.01.22"]
[Round "7.14"]
[White "Tejaswini, Sagar"]
[Black "Ruzicka, Tomas"]
[Result "1-0"]
[WhiteElo "1992"]
[BlackElo "1764"]
[PlyCount "35"]
[EventDate "2015.01.17"]
[EventType "swiss"]
[EventRounds "9"]
[EventCountry "CZE"]
[Source "lmi"]
[SourceDate "2015.01.17"]

1. e4 e5 2. Nf3 Nf6 3. Nxe5 d6 4. Nf3 Nxe4 5. Nc3 Nxc3 6. dxc3 Be7 7. Be3 Nd7
8. Qd2 Nc5 9. O-O-O O-O 10. Be2 Be6 11. Kb1 a5 12. h4 f5 13. Bxc5 dxc5 14. Qe3
Qc8 15. Ng5 Rf6 16. Nxe6 Qxe6 17. Qxe6+ Rxe6 18. Bc4 1-0

[Event "Open Marianske Lazne 2015 - C - open"]
[Site "Marianske Lazne CZE"]
[Date "2015.01.22"]
[Round "7.15"]
[White "Pedersen, Henrik Bolding"]
[Black "Klucznik, Andre"]
[Result "1-0"]
[WhiteElo "2181"]
[BlackElo "1782"]
[PlyCount "91"]
[EventDate "2015.01.17"]
[EventType "swiss"]
[EventRounds "9"]
[EventCountry "CZE"]
[Source "lmi"]
[SourceDate "2015.01.17"]

1. e4 c5 2. c3 g6 3. Nf3 Bg7 4. Bc4 Nf6 5. e5 Ng4 6. Bxf7+ Kxf7 7. Ng5+ Kg8 8.
Qxg4 Bxe5 9. d4 cxd4 10. cxd4 Bf6 11. O-O d6 12. Qf3 Kg7 13. Nc3 Rf8 14. Qd5
Nc6 15. Ne2 Qa5 16. Ne6+ Bxe6 17. Qxe6 Qf5 18. Qxf5 gxf5 19. d5 Nd4 20. Nf4 Be5
21. Nd3 Rac8 22. g3 Rc2 23. Kg2 h5 24. Bg5 Kf7 25. h4 Ne2 26. Rab1 Bxg3 27. Nb4
Rc4 28. fxg3 Rxb4 29. Rbe1 Nd4 30. Rxe7+ Kg6 31. b3 Rc8 32. Rd7 Rc2+ 33. Rf2
Rxf2+ 34. Kxf2 Nb5 35. Rxb7 a6 36. a4 Rxb3 37. axb5 axb5 38. Rb6 Rb2+ 39. Kf3
Rb3+ 40. Be3 b4 41. Rxd6+ Kg7 42. Kf4 Rb1 43. Kxf5 b3 44. Rd7+ Kf8 45. Rb7 b2
46. Bf4 1-0

[Event "Open Marianske Lazne 2015 - C - open"]
[Site "Marianske Lazne CZE"]
[Date "2015.01.22"]
[Round "7.17"]
[White "Brunova, Blanka"]
[Black "Zienkiewicz, Geoffroy"]
[Result "0-1"]
[WhiteElo "1719"]
[BlackElo "1954"]
[PlyCount "46"]
[EventDate "2015.01.17"]
[EventType "swiss"]
[EventRounds "9"]
[EventCountry "CZE"]
[Source "lmi"]
[SourceDate "2015.01.17"]

1. e4 c6 2. d4 d5 3. Nc3 dxe4 4. Nxe4 Nf6 5. Nxf6+ gxf6 6. Nf3 Bf5 7. Bc4 Qc7
8. O-O e6 9. Re1 Nd7 10. Nh4 Bg6 11. Nxg6 hxg6 12. h3 O-O-O 13. a4 Rh5 14. Be2
Rh7 15. c4 f5 16. c5 Nxc5 17. b4 Ne4 18. b5 Rxd4 19. Qxd4 Bc5 20. Qd1 Bxf2+ 21.
Kf1 Qb6 22. Bf4 Bg3 23. a5 Qf2# 0-1

[Event "Open Marianske Lazne 2015 - C - open"]
[Site "Marianske Lazne CZE"]
[Date "2015.01.22"]
[Round "7.18"]
[White "Bebel, Agnieszka"]
[Black "Dmochowska, Agnieszka"]
[Result "0-1"]
[WhiteElo "1627"]
[BlackElo "1913"]
[PlyCount "72"]
[EventDate "2015.01.17"]
[EventType "swiss"]
[EventRounds "9"]
[EventCountry "CZE"]
[Source "lmi"]
[SourceDate "2015.01.17"]

1. e4 c5 2. Nf3 d6 3. d4 cxd4 4. Nxd4 Nf6 5. Nc3 Nc6 6. Bc4 e5 7. Nf5 Be6 8.
Bb3 Nxe4 9. Bxe6 fxe6 10. Nxg7+ Bxg7 11. Nxe4 O-O 12. Bg5 Qa5+ 13. c3 d5 14.
Ng3 Qb6 15. O-O Rf7 16. Qg4 Na5 17. Nh5 Rc8 18. Bh6 Rcc7 19. Rad1 Kh8 20. Bxg7+
Rxg7 21. Nxg7 Rxg7 22. Qh5 e4 23. Rfe1 Nc4 24. b3 e3 25. Re2 exf2+ 26. Rxf2 Nd6
27. Kf1 Nf5 28. Rd4 Qc7 29. Rd3 Qe5 30. Qh3 Rg6 31. Re2 Qf4+ 32. Rf3 Qc1+ 33.
Re1 Qg5 34. Rxe6 Rxe6 35. Qxf5 Qc1+ 36. Kf2 Qe1# 0-1

[Event "Open Marianske Lazne 2015 - C - open"]
[Site "Marianske Lazne CZE"]
[Date "2015.01.22"]
[Round "7.19"]
[White "De Graaf, Arnoud"]
[Black "Kalinowska, Karolina"]
[Result "0-1"]
[WhiteElo "1855"]
[BlackElo "1529"]
[PlyCount "76"]
[EventDate "2015.01.17"]
[EventType "swiss"]
[EventRounds "9"]
[EventCountry "CZE"]
[Source "lmi"]
[SourceDate "2015.01.17"]

1. Nf3 e6 2. d4 d5 3. c4 Nf6 4. g3 Be7 5. Bg2 O-O 6. O-O c6 7. Ne5 b6 8. Nc3
Bb7 9. e4 dxc4 10. Nxc4 c5 11. d5 exd5 12. exd5 Qc8 13. Nb5 Rd8 14. Bf4 Bxd5
15. Ncd6 Bxd6 16. Nxd6 Qc6 17. Nf5 Qb7 18. Re1 Nc6 19. Nd6 Rxd6 20. Bxd6 Bxg2
21. Kxg2 Rd8 22. f3 Na5 23. Qe2 h6 24. Rad1 Nc6 25. Bf4 Nd4 26. Qf1 Nd5 27. Be3
Nxe3+ 28. Rxe3 g6 29. Rde1 Kg7 30. Qd3 Nxf3 31. Qc3+ Nd4+ 32. Kg1 Qd5 33. b3
Qb7 34. Rf1 Kg8 35. Qc4 Nf5 36. Re5 Rd2 37. Re8+ Kh7 38. Re4 Nd6 0-1

[Event "Open Marianske Lazne 2015 - C - open"]
[Site "Marianske Lazne CZE"]
[Date "2015.01.22"]
[Round "7.20"]
[White "Horyna, Josef"]
[Black "Froehlich, Manuel"]
[Result "1-0"]
[WhiteElo "1866"]
[BlackElo "1689"]
[PlyCount "121"]
[EventDate "2015.01.17"]
[EventType "swiss"]
[EventRounds "9"]
[EventCountry "CZE"]
[Source "lmi"]
[SourceDate "2015.01.17"]

1. d4 c5 2. d5 e6 3. c4 exd5 4. cxd5 Bd6 5. Nf3 Nf6 6. Nc3 O-O 7. Bg5 Re8 8. e3
a6 9. Bd3 h6 10. Bxf6 Qxf6 11. O-O Bc7 12. Qc2 d6 13. Ne4 Qe7 14. Ng3 b5 15. a4
b4 16. Rfe1 Bg4 17. Nd2 Qh4 18. f3 Bc8 19. Nc4 Nd7 20. Nf5 Qf6 21. f4 Rb8 22.
a5 Nf8 23. Ng3 Bb7 24. Be4 g6 25. Bf3 Rbd8 26. Qd2 h5 27. Rad1 Re7 28. b3 Bc8
29. h3 Bd7 30. Ne4 Rxe4 31. Bxe4 Bb5 32. Bd3 Ra8 33. Qe2 Qc3 34. Qc2 Qf6 35.
Rf1 Re8 36. Rf3 Qd8 37. f5 Qg5 38. fxg6 fxg6 39. Rdf1 Bd7 40. Qf2 Qh6 41. Rg3
Qg7 42. Qf6 Qxf6 43. Rxf6 Kg7 44. Rf1 Re7 45. Be2 h4 46. Rgf3 Nh7 47. Bd3 Bb5
48. e4 Ng5 49. Rf4 Bxa5 50. Rxh4 Nf7 51. Rhf4 Bc7 52. h4 Bxc4 53. Bxc4 a5 54.
Bb5 Ne5 55. g4 Bb6 56. Kg2 Rc7 57. Kh3 c4 58. bxc4 Nxc4 59. Bxc4 Rxc4 60. Rf7+
Kh6 61. g5+ 1-0

[Event "Open Marianske Lazne 2015 - C - open"]
[Site "Marianske Lazne CZE"]
[Date "2015.01.22"]
[Round "7.21"]
[White "Dwilewicz, Agata"]
[Black "Krajinski, Lutz"]
[Result "1/2-1/2"]
[WhiteElo "1535"]
[BlackElo "1733"]
[PlyCount "78"]
[EventDate "2015.01.17"]
[EventType "swiss"]
[EventRounds "9"]
[EventCountry "CZE"]
[Source "lmi"]
[SourceDate "2015.01.17"]

1. e4 c5 2. Nf3 Nc6 3. d4 cxd4 4. Nxd4 Nf6 5. Nc3 e6 6. Ndb5 d6 7. Bf4 e5 8.
Bg5 a6 9. Na3 Be7 10. Bxf6 Bxf6 11. Nd5 Be6 12. Nc4 Bxd5 13. Qxd5 Be7 14. c3
Qc7 15. Rd1 O-O 16. Be2 Rad8 17. O-O Bg5 18. g3 Ne7 19. Qd3 d5 20. exd5 Rxd5
21. Qc2 Rfd8 22. Rxd5 Rxd5 23. Rd1 Rxd1+ 24. Qxd1 Nf5 25. Qd5 Bf6 26. Bd3 Ne7
27. Qe4 g6 28. Kf1 Bg7 29. f4 f5 30. Qe3 Nd5 31. Qe1 e4 32. Be2 Qc5 33. Qd2 b5
34. Ne5 Ne3+ 35. Ke1 Ng2+ 36. Kf1 Ne3+ 37. Ke1 Ng2+ 38. Kf1 Ne3+ 39. Ke1 Ng2+
1/2-1/2

[Event "Open Marianske Lazne 2015 - C - open"]
[Site "Marianske Lazne CZE"]
[Date "2015.01.22"]
[Round "7.22"]
[White "Nepomnyaschaya, Mariya"]
[Black "Kucera, Tomas"]
[Result "1-0"]
[WhiteElo "1547"]
[BlackElo "1696"]
[PlyCount "63"]
[EventDate "2015.01.17"]
[EventType "swiss"]
[EventRounds "9"]
[EventCountry "CZE"]
[Source "lmi"]
[SourceDate "2015.01.17"]

1. c4 e5 2. e4 Nf6 3. Nc3 Bb4 4. d3 O-O 5. Nge2 h6 6. a3 Bxc3+ 7. Nxc3 d6 8. g3
Nc6 9. Bg2 Nd4 10. h3 Be6 11. O-O c6 12. Ne2 Nxe2+ 13. Qxe2 Qc8 14. Kh2 Nh7 15.
f4 exf4 16. gxf4 f5 17. Bd2 Qd7 18. Bc3 Nf6 19. e5 Ne8 20. exd6 Nxd6 21. Rg1
Rf7 22. Qh5 Kh7 23. Bf1 Raf8 24. Qg6+ Kg8 25. Qxh6 Ne8 26. Re1 Nf6 27. Be2 b5
28. Rg5 bxc4 29. dxc4 Ne4 30. Rxg7+ Rxg7 31. Bxg7 Qxg7 32. Rg1 1-0

[Event "Open Marianske Lazne 2015 - C - open"]
[Site "Marianske Lazne CZE"]
[Date "2015.01.22"]
[Round "7.23"]
[White "Krzyzosiak, Marta"]
[Black "Friedel, Roland"]
[Result "0-1"]
[WhiteElo "1350"]
[BlackElo "1674"]
[PlyCount "34"]
[EventDate "2015.01.17"]
[EventType "swiss"]
[EventRounds "9"]
[EventCountry "CZE"]
[Source "lmi"]
[SourceDate "2015.01.17"]

1. e4 e6 2. d4 d5 3. exd5 exd5 4. Nf3 Bg4 5. Be2 Nf6 6. Nc3 c6 7. O-O Bd6 8.
Bd2 O-O 9. h3 Bh5 10. a3 Qb6 11. Bg5 Nbd7 12. Ne5 Bxe2 13. Qxe2 Qxd4 14. Nxd7
Nxd7 15. Be3 Qe5 16. Rfd1 Qh2+ 17. Kf1 Qh1# 0-1

[Event "Open Marianske Lazne 2015 - C - open"]
[Site "Marianske Lazne CZE"]
[Date "2015.01.23"]
[Round "8.1"]
[White "Janik, Igor"]
[Black "Bretsnajdr, Vladimir"]
[Result "1/2-1/2"]
[WhiteElo "2197"]
[BlackElo "2288"]
[PlyCount "44"]
[EventDate "2015.01.17"]
[EventType "swiss"]
[EventRounds "9"]
[EventCountry "CZE"]
[Source "lmi"]
[SourceDate "2015.01.17"]

1. e4 c5 2. Nf3 e6 3. d4 cxd4 4. Nxd4 Nf6 5. Nc3 d6 6. g3 a6 7. Bg2 Qc7 8. O-O
Nc6 9. Nb3 b5 10. a3 Be7 11. f4 Bb7 12. Re1 O-O 13. Be3 Rac8 14. Qe2 Rfe8 15.
g4 Bf8 16. g5 Nd7 17. Qf2 g6 18. h4 Na5 19. Nxa5 Qxa5 20. h5 Bg7 21. hxg6 hxg6
22. f5 exf5 1/2-1/2

[Event "Open Marianske Lazne 2015 - C - open"]
[Site "Marianske Lazne CZE"]
[Date "2015.01.23"]
[Round "8.2"]
[White "Kolbus, Dietmar"]
[Black "Johnsen, Gunnar"]
[Result "1-0"]
[WhiteElo "2319"]
[BlackElo "2150"]
[PlyCount "59"]
[EventDate "2015.01.17"]
[EventType "swiss"]
[EventRounds "9"]
[EventCountry "CZE"]
[Source "lmi"]
[SourceDate "2015.01.17"]

1. c4 f5 2. Nf3 Nf6 3. g3 g6 4. b3 Bg7 5. Bb2 O-O 6. Bg2 d6 7. d4 Ne4 8. Nbd2
c5 9. O-O Nc6 10. e3 e5 11. d5 Nxd2 12. Nxd2 Nb8 13. f4 Qe7 14. Qc2 Na6 15. a3
Nc7 16. Rae1 e4 17. Bxg7 Qxg7 18. Rb1 b5 19. Rfc1 Bd7 20. Bf1 Rab8 21. cxb5
Nxb5 22. Nc4 Qf6 23. Qd2 Nc7 24. b4 cxb4 25. axb4 Nb5 26. Na5 a6 27. Ra1 Rfc8
28. Nc6 Rb6 29. Bxb5 axb5 30. Ra7 1-0

[Event "Open Marianske Lazne 2015 - C - open"]
[Site "Marianske Lazne CZE"]
[Date "2015.01.23"]
[Round "8.3"]
[White "Monin, Nikolay"]
[Black "Janska, Jitka"]
[Result "1-0"]
[WhiteElo "2200"]
[BlackElo "2021"]
[PlyCount "65"]
[EventDate "2015.01.17"]
[EventType "swiss"]
[EventRounds "9"]
[EventCountry "CZE"]
[Source "lmi"]
[SourceDate "2015.01.17"]

1. Nf3 d5 2. g3 c5 3. Bg2 Nc6 4. d4 cxd4 5. Nxd4 e5 6. Nxc6 bxc6 7. O-O Ba6 8.
b3 Qc7 9. c4 d4 10. e3 O-O-O 11. exd4 Rxd4 12. Qe2 Rd8 13. Be3 Ne7 14. Nc3 f5
15. Rad1 Rxd1 16. Rxd1 g6 17. Bc5 Nd5 18. Nxd5 cxd5 19. Bxf8 Rxf8 20. Bxd5 Re8
21. b4 e4 22. Rd4 Re7 23. a4 Kb8 24. Qd2 Bc8 25. a5 Bd7 26. h4 e3 27. Qe2 Qd6
28. c5 Qf6 29. Rd1 Qc3 30. Kh2 Ba4 31. Rd3 Qxd3 32. Qxd3 e2 33. Bf3 1-0

[Event "Open Marianske Lazne 2015 - C - open"]
[Site "Marianske Lazne CZE"]
[Date "2015.01.23"]
[Round "8.4"]
[White "Lukasiewicz, Krzysztof"]
[Black "Wozniak, Mariola"]
[Result "0-1"]
[WhiteElo "2051"]
[BlackElo "1983"]
[PlyCount "68"]
[EventDate "2015.01.17"]
[EventType "swiss"]
[EventRounds "9"]
[EventCountry "CZE"]
[Source "lmi"]
[SourceDate "2015.01.17"]

1. e4 c5 2. Nf3 d6 3. d4 cxd4 4. Nxd4 Nf6 5. Nc3 Nc6 6. Be2 e6 7. O-O Be7 8.
Be3 O-O 9. f4 Bd7 10. Bf3 Nxd4 11. Qxd4 Bc6 12. Rad1 Qc7 13. e5 dxe5 14. fxe5
Bxf3 15. Rxf3 Rad8 16. Qxa7 Rxd1+ 17. Nxd1 Qxe5 18. Bd4 Qe4 19. Nc3 Qxc2 20.
Qxb7 Bd6 21. Rf1 Rb8 22. Qf3 e5 23. Ba7 Rxb2 24. Qa8+ Bf8 25. Bc5 Nd7 26. Bxf8
Nxf8 27. Qd5 Qg6 28. a4 Rc2 29. Nb5 e4 30. g3 e3 31. Nd4 Rd2 32. Qe5 Qh6 33.
Nf3 Ra2 34. a5 Qh3 0-1

[Event "Open Marianske Lazne 2015 - C - open"]
[Site "Marianske Lazne CZE"]
[Date "2015.01.23"]
[Round "8.5"]
[White "Fokin, Stanislav"]
[Black "Anjali, Sagar"]
[Result "1-0"]
[WhiteElo "2063"]
[BlackElo "1873"]
[PlyCount "51"]
[EventDate "2015.01.17"]
[EventType "swiss"]
[EventRounds "9"]
[EventCountry "CZE"]
[Source "lmi"]
[SourceDate "2015.01.17"]

1. e4 e5 2. Nf3 Nc6 3. Bb5 a6 4. Ba4 Nf6 5. d3 b5 6. Bb3 d6 7. Ng5 d5 8. exd5
Nd4 9. O-O h6 10. Ne4 Nxb3 11. Nxf6+ gxf6 12. axb3 Qxd5 13. c4 bxc4 14. bxc4
Qd4 15. Qf3 Rb8 16. Nc3 Rg8 17. Nd5 Bb7 18. Nxc7+ Kd7 19. Nd5 Bxd5 20. cxd5 Bd6
21. Rxa6 Rg6 22. Qf5+ Ke7 23. Qe4 Rbg8 24. g3 Rg4 25. Qxd4 Rxd4 26. Ra7+ 1-0